{"text_format":"3","workbook":"xlsx","n_sheets":1,"sheets":["Sheet 1"],"read":"whole","date_system":"1900"}

{"sheet":"Sheet 1","index":0,"n_rows":38,"n_cols":20,"rows_kept":38,"merged":[[0,1,0,19]]}
[null,"Итоговый протокол олимпиады по праву"]
["№","Код ОО","Наименование ОО","Фамилия","Имя","Отчество","Дата рождения","Пол","Участник с ОВЗ (да/нет)","Класс обучения","Класс участия","Балл","Добавлено баллов по итогам апелляций","Итоговый балл","Максимальный балл","Статус","Призер республиканского этапа прошлого года","ФИО учителя","Место работы учителя","Предмет"]
[1,450011,"муниципальное бюджетное общеобразовательное учреждение «Килдебякская средняя общеобразовательная школа Сабинского муниципального района Республики Татарстан\"","Мавлетова","Руфина","Ильдаровна","16.01.2008","Ж","нет",7,7,16,null,null,100,"участник","нет","Абдуллина Лейсан Миннемехаматовна","муниципальное бюджетное общеобразовательное учреждение «Килдебякская средняя общеобразовательная школа Сабинского муниципального района Республики Татарстан\"","Право"]
[2,450018,"Муниципальное бюджетное общеобразовательное учреждение \"Шеморданский лицей \"Рост\" Сабинского муниципального района Республики Татарстан\"","Шайхов","Амир","Расимович","06.03.2007","М","нет",8,8,59,null,null,100,"победитель","нет","Емельянова Ляйсан Мазитовна","Муниципальное бюджетное общеобразовательное учреждение \"Шеморданский лицей \"Рост\" Сабинского муниципального района Республики","Право"]
[3,450023,"Муниципальное бюджетное общеобразовательное учреждение \"Сабабашская основная общеобразовательная школа Сабинского муниципального района Республики Татарстан\"","Шарифуллина","Руфина","Ралифовна","30.01.2007","Ж","нет",8,8,34,null,null,100,"участник","нет","Исмагилова Рания Равильовна","Муниципальное бюджетное общеобразовательное учреждение \"Сабабашская основная общеобразовательная школа Сабинского муниципального района Республики Татарстан\"","Право"]
[4,450006,"Муниципальное бюджетное общеобразовательное учреждение «Евлаштауская средняя общеобразовательная школа Сабинского муниципального района Республики Татарстан\"","Мухлисуллина","Камиля","Ильфатовна","17.07.2007","Ж","нет",8,8,20,null,null,100,"участник","нет","Хасанов Минсур Мавлявиевич","Муниципальное бюджетное общеобразовательное учреждение \"Евлаштауская средняя общеобразовательная школа Сабинского муниципального района Республики Татарстан\"","Право"]
[5,450008,"Муниципальное бюджетное общеобразовательное учреждение «Изминская средняя общеобразовательная школа Сабинского муниципального района Республики Татарстан\"","Рамазанова","Алсу","Айратовна","11.04.2007","Ж","нет",8,8,50,null,null,100,"призер","нет","Суляйманова Наиля Мансуровна","Муниципальное бюджетное общеобразовательное учреждение «Изминская средняя общеобразовательная школа Сабинского муниципального района Республики Татарстан\"","Право"]
[6,450002,"Муниципальное бюджетное общеобразовательное учреждение «Средняя общеобразовательная школа-интернат с углубленным изучением отдельных предметов для одаренных детей» Сабинского муниципального района Республики Татарстан","Маметова","Асия","Азатовна","04.01.2007","Ж","нет",8,8,37,null,null,100,"участник","нет","Гумерова Раушания Рифмировна","Муниципальное бюджетное общеобразовательное учреждение «Средняя общеобразовательная школа-интернат с углубленным изучением отдельных предметов для одаренных детей» Сабинского муниципального района Республики Татарстан","Право"]
[7,450002,"Муниципальное бюджетное общеобразовательное учреждение «Средняя общеобразовательная школа-интернат с углубленным изучением отдельных предметов для одаренных детей» Сабинского муниципального района Республики Татарстан","Тазиева ","Ясмина","Маратовна","08.06.2007","Ж","нет",8,8,51,null,null,100,"призер","нет","Гумерова Раушания Рифмировна","Муниципальное бюджетное общеобразовательное учреждение «Средняя общеобразовательная школа-интернат с углубленным изучением отдельных предметов для одаренных детей» Сабинского муниципального района Республики Татарстан","Право"]
[8,450001,"Муниципальное бюджетное общеобразовательное учреждение «Гимназия п.г.т. Богатые Сабы Сабинского муниципального района Республики Татарстан» (Школа - центр компетенции в электронном образовании)","Гаффаров","Рим","Рустемович","20.03.2007","М","нет",8,8,19,null,null,100,"участник","нет","Хазиева Нурия Гаязовна","Муниципальное бюджетное общеобразовательное учреждение «Гимназия п.г.т. Богатые Сабы Сабинского муниципального района Республики Татарстан» (Школа - центр компетенции в электронном образовании)","Право"]
[9,450002,"Муниципальное бюджетное общеобразовательное учреждение «Гимназия п.г.т. Богатые Сабы Сабинского муниципального района Республики Татарстан» (Школа - центр компетенции в электронном образовании)","Фасхутдинова","Марьям","Фариловна","09.08.2007","Ж","нет",8,8,24,null,null,100,"участник","нет","Хазиева Нурия Гаязовна","Муниципальное бюджетное общеобразовательное учреждение «Гимназия п.г.т. Богатые Сабы Сабинского муниципального района Республики Татарстан» (Школа - центр компетенции в электронном образовании)","Право"]
[10,450009,"Государственное бюджетное общеобразовательное учреждение «Икшурминская кадетская школа-интернат имени Байкиева К.С.»","Кабиров","Ильяс","Рустамович","04.05.2006","М","нет",9,9,14,null,null,100,"участник","нет","Ахтямзянов Айнур Рамазанович","Государственное бюджетное общеобразовательное учреждение \"Икшурминская кадетская школа-интернат имени Байкиева К.С.\"","Право"]
[11,450018,"Муниципальное бюджетное общеобразовательное учреждение \"Шеморданский лицей \"Рост\" Сабинского муниципального района Республики Татарстан\"","Хусаинов","Айдар","Ниязович","08.11.2006","М","нет",9,9,37,null,null,100,"участник","нет","Емельянова Ляйсан Мазитовна","Муниципальное бюджетное общеобразовательное учреждение \"Шеморданский лицей \"Рост\" Сабинского муниципального района Республики","Право"]
[12,450018,"Муниципальное бюджетное общеобразовательное учреждение \"Шеморданский лицей \"Рост\" Сабинского муниципального района Республики Татарстан\"","Алимов","Ильшат","Нагимович","13.06.2006","М","нет",9,9,50,null,null,100,"призер","нет","Емельянова Ляйсан Мазитовна","Муниципальное бюджетное общеобразовательное учреждение \"Шеморданский лицей \"Рост\" Сабинского муниципального района Республики","Право"]
[13,450023,"Муниципальное бюджетное общеобразовательное учреждение «Сабабашская основная общеобразовательная школа Сабинского муниципального района РТ\"","Шаймуратова","Зубайда","Рафисовна","27.01.2007","Ж","нет",9,9,26,null,null,100,"участник","нет","Исмагилова Рания Равильовна","Муниципальное бюджетное общеобразовательное учреждение \"Сабабашская основная общеобразовательная школа Сабинского муниципального района Республики Татарстан\"","Право"]
[14,450002,"Муниципальное бюджетное общеобразовательное учреждение «Средняя общеобразовательная школа-интернат с углубленным изучением отдельных предметов для одаренных детей» Сабинского муниципального района Республики Татарстан","Исхакова","Зиля","Ильгизовна","20.08.2006","Ж","нет",9,9,78,null,null,100,"победитель","да","Зиганшин Ильсур Рустамович","Муниципальное бюджетное общеобразовательное учреждение «Средняя общеобразовательная школа-интернат с углубленным изучением отдельных предметов для одаренных детей» Сабинского муниципального района Республики Татарстан","Право"]
[15,450002,"Муниципальное бюджетное общеобразовательное учреждение «Средняя общеобразовательная школа-интернат с углубленным изучением отдельных предметов для одаренных детей» Сабинского муниципального района Республики Татарстан","Закирова","Регина","Рустамовна","27.04.2006","Ж","нет",9,9,50,null,null,100,"призер","да","Гумерова Раушания Рифмировна","Муниципальное бюджетное общеобразовательное учреждение «Средняя общеобразовательная школа-интернат с углубленным изучением отдельных предметов для одаренных детей» Сабинского муниципального района Республики Татарстан","Право"]
[16,450002,"Муниципальное бюджетное общеобразовательное учреждение «Средняя общеобразовательная школа-интернат с углубленным изучением отдельных предметов для одаренных детей» Сабинского муниципального района Республики Татарстан","Гайнутдинова ","Алина","Талгатовна","21.05.2006","Ж","нет",9,9,53,null,null,100,"призер","нет","Гумерова Раушания Рифмировна","Муниципальное бюджетное общеобразовательное учреждение «Средняя общеобразовательная школа-интернат с углубленным изучением отдельных предметов для одаренных детей» Сабинского муниципального района Республики Татарстан","Право"]
[17,450017,"Муниципальное бюджетное общеобразовательное учреждение «Тимершикская средняя общеобразовательная школа Сабинского муниципального района Республики Татарстан\"","Гарифуллин","Гадель","Ильдусович","25.01.2006","М","нет",9,9,13,null,null,100,"участник","нет","Зарипова Зульфия Фидаиловна","Муниципальное бюджетное общеобразовательное учреждение \"Тимершикская СОШ Сабинского муниципального района Республики Татарстан\"","право"]
[18,450003,"Муниципальное бюджетное общеобразовательное учреждение «Гимназия п.г.т. Богатые Сабы Сабинского муниципального района Республики Татарстан» (Школа - центр компетенции в электронном образовании)","Гайсина","Айзиля","Марселевна","20.07.2006","Ж","нет",9,9,19,null,null,100,"участник","нет","Хазиева Нурия Гаязовна","Муниципальное бюджетное общеобразовательное учреждение «Гимназия п.г.т. Богатые Сабы Сабинского муниципального района Республики Татарстан» (Школа - центр компетенции в электронном образовании)","Право"]
[19,450004,"Муниципальное бюджетное общеобразовательное учреждение «Гимназия п.г.т. Богатые Сабы Сабинского муниципального района Республики Татарстан» (Школа - центр компетенции в электронном образовании)","Сабирова","Эльза","Эдуардовна","22.08.2006","Ж","нет",9,9,30,null,null,100,"участник","нет","Хазиева Нурия Гаязовна","Муниципальное бюджетное общеобразовательное учреждение «Гимназия п.г.т. Богатые Сабы Сабинского муниципального района Республики Татарстан» (Школа - центр компетенции в электронном образовании)","Право"]
[20,450005,"Муниципальное бюджетное общеобразовательное учреждение \"Верхнесиметская средняя общеобразовательная школа  Сабинского муниципального района РТ\"","Билалиев","Инсаф","Дамирович","2006-02-15","М","нет",10,10,15,null,null,100,"участник","нет","Саубанова Гульнара Ильдусовна","Муниципальное бюджетное общеобразовательное учреждение \"Верхнесиметская средняя общеобразовательная школа Сабинского муниципального района РТ\"","Право"]
[21,450018,"Муниципальное бюджетное общеобразовательное учреждение \"Шеморданский лицей \"Рост\" Сабинского муниципального района Республики Татарстан\"","Авхадеев","Ильяс","Маратович","28.12.2004","М","нет",10,10,15,null,null,100,"участник","нет","Емельянова Ляйсан Мазитовна","Муниципальное бюджетное общеобразовательное учреждение \"Шеморданский лицей \"Рост\" Сабинского муниципального района Республики","Право"]
[22,450006,"Муниципальное бюджетное общеобразовательное учреждение «Евлаштауская средняя общеобразовательная школа Сабинского муниципального района Республики Татарстан\"","Габдрахманова","Лейсан","Раушановна","24.08.2005","Ж","нет",10,10,19,null,null,100,"участник","нет","Хасанов Минсур Мавлявиевич","Муниципальное бюджетное общеобразовательное учреждение \"Евлаштауская средняя общеобразовательная школа Сабинского муниципального района Республики Татарстан\"","Право"]
[23,450002,"Муниципальное бюджетное общеобразовательное учреждение «Средняя общеобразовательная школа-интернат с углубленным изучением отдельных предметов для одаренных детей» Сабинского муниципального района Республики Татарстан","Габдуллина","Диана","Ильнаровна","10.03.2005","Ж","нет",10,10,29,null,null,100,"участник","нет","Гумерова Раушания Рифмировна","Муниципальное бюджетное общеобразовательное учреждение «Средняя общеобразовательная школа-интернат с углубленным изучением отдельных предметов для одаренных детей» Сабинского муниципального района Республики Татарстан","Право"]
[24,450002,"Муниципальное бюджетное общеобразовательное учреждение «Средняя общеобразовательная школа-интернат с углубленным изучением отдельных предметов для одаренных детей» Сабинского муниципального района Республики Татарстан","Мавлявиев","Нургиз","Рустамович","15.04.2005","М","нет",10,10,19,null,null,100,"участник","да","Гумерова Раушания Рифмировна","Муниципальное бюджетное общеобразовательное учреждение «Средняя общеобразовательная школа-интернат с углубленным изучением отдельных предметов для одаренных детей» Сабинского муниципального района Республики Татарстан","Право"]
[25,450017,"Муниципальное бюджетное общеобразовательное учреждение «Тимершикская средняя общеобразовательная школа Сабинского муниципального района Республики Татарстан\"","Давлитов","Баязит","Ильнарович","30.01.2005","М","нет",10,10,31,null,null,100,"участник","нет","Зарипова Зульфия Фидаиловна","Муниципальное бюджетное общеобразовательное учреждение \"Тимершикская СОШ Сабинского муниципального района Республики Татарстан\"","право"]
[26,450005,"Муниципальное бюджетное общеобразовательное учреждение «Гимназия п.г.т. Богатые Сабы Сабинского муниципального района Республики Татарстан» (Школа - центр компетенции в электронном образовании)","Мубаракзянов","Рауф","Радифович","28.08.2005","М","нет",10,10,16,null,null,100,"участник","нет","Фатихова Дина Ильгизовна","Муниципальное бюджетное общеобразовательное учреждение «Гимназия п.г.т. Богатые Сабы Сабинского муниципального района Республики Татарстан» (Школа - центр компетенции в электронном образовании)","Право"]
[27,450001,"Муниципальное бюджетное общеобразовательное учреждение «Гимназия п.г.т. Богатые Сабы Сабинского муниципального района Республики Татарстан» (Школа - центр компетенции в электронном образовании)","Ханова","Миляуша","Илхамовна","25.10.2004","Ж","нет",10,10,13,null,null,100,"участник","нет","Фатихова Дина Ильгизовна","Муниципальное бюджетное общеобразовательное учреждение «Гимназия п.г.т. Богатые Сабы Сабинского муниципального района Республики Татарстан» (Школа - центр компетенции в электронном образовании)","Право"]
[28,450003,"Муниципальное бюджетное общеобразовательное учреждение \"Большешинарская средняя общеобразовательная школа Сабинского муниципального района Республики Татарстан\"","Мухутдинов","Рамзиль","Фанзирович","07.10.2004","М","нет",11,11,13,null,null,100,"участник","нет","Гарипов Айдар Муталлапович","Муниципальное бюджетное общеобразовательное учреждение \"Большешинарская средняя общеобразовательная школа Сабинского муниципального района Республики Татарстан\"","Право"]
[29,450004,"Муниципальное бюджетное общеобразовательное учреждение \"Большекибячинская средняя общеобразовательная школа  Сабинского муниципального района РТ\"","Маланина","Альбина","Сергеевна","17.06.2004","Ж","нет",11,11,21,null,null,100,"участник","нет","Каримова Ляйсан Рафиловна","Муниципальное бюджетное общеобразовательное учреждение \"Большекибячинская средняя общеобразовательная школа  Сабинского муниципального района РТ\"","Право"]
[30,450018,"Муниципальное бюджетное общеобразовательное учреждение \"Шеморданский лицей \"Рост\" Сабинского муниципального района Республики Татарстан\"","Галиахметов","Камиль","Маратович","24.10.2004","М","нет",11,11,56,null,null,100,"призер","нет","Емельянова Ляйсан Мазитовна","Муниципальное бюджетное общеобразовательное учреждение \"Шеморданский лицей \"Рост\" Сабинского муниципального района Республики","Право"]
[31,450006,"Муниципальное бюджетное общеобразовательное учреждение «Евлаштауская средняя общеобразовательная школа Сабинского муниципального района Республики Татарстан\"","Багутова","Миляуша","Исхаковна","01.05.2004","Ж","нет",11,11,22,null,null,100,"участник","нет","Хасанов Минсур Мавлявиевич","Муниципальное бюджетное общеобразовательное учреждение \"Евлаштауская средняя общеобразовательная школа Сабинского муниципального района Республики Татарстан\"","Право"]
[32,450013,"Муниципальное бюджетное общеобразовательное учреждение «Лесхозская средняя общеобразовательная школа Сабинского муниципального района Республики Татарстан\"","Зиннатова","Аделя","Ренатовна","14.05.2004","Ж","нет",11,11,10,null,null,100,"участник","нет","Баллеева Марина Евгеньевна","Муниципальное бюджетное общеобразовательное учреждение \"Лесхозская  средняя общеобразовательная школа Сабинского муниципального района Республики Татарстан\"","Право"]
[33,450002,"Муниципальное бюджетное общеобразовательное учреждение «Средняя общеобразовательная школа-интернат с углубленным изучением отдельных предметов для одаренных детей» Сабинского муниципального района Республики Татарстан","Гилязутдинова","Алина","Ильдаровна","18.12.2003","Ж","нет",11,11,58,null,null,100,"призер","да","Гумерова Раушания Рифмировна","Муниципальное бюджетное общеобразовательное учреждение «Средняя общеобразовательная школа-интернат с углубленным изучением отдельных предметов для одаренных детей» Сабинского муниципального района Республики Татарстан","Право"]
[34,450002,"Муниципальное бюджетное общеобразовательное учреждение «Средняя общеобразовательная школа-интернат с углубленным изучением отдельных предметов для одаренных детей» Сабинского муниципального района Республики Татарстан","Хабибуллина","Марьям","Фаридовна","08.04.2004","Ж","нет",11,11,62,null,null,100,"победитель","да","Зиганшин Ильсур Рустамович","Муниципальное бюджетное общеобразовательное учреждение «Средняя общеобразовательная школа-интернат с углубленным изучением отдельных предметов для одаренных детей» Сабинского муниципального района Республики Татарстан","Право"]
[35,450001,"Муниципальное бюджетное общеобразовательное учреждение «Гимназия п.г.т. Богатые Сабы Сабинского муниципального района Республики Татарстан» (Школа - центр компетенции в электронном образовании)","Хабибуллина","Дина","Данилевна","08.07.2004","Ж","нет",11,11,15,null,null,100,"участник","нет","Фатихова Дина Ильгизовна","Муниципальное бюджетное общеобразовательное учреждение «Гимназия п.г.т. Богатые Сабы Сабинского муниципального района Республики Татарстан» (Школа - центр компетенции в электронном образовании)","Право"]
[36,450001,"Муниципальное бюджетное общеобразовательное учреждение «Гимназия п.г.т. Богатые Сабы Сабинского муниципального района Республики Татарстан» (Школа - центр компетенции в электронном образовании)","Хакимов","Инсаф","Василевич","29.03.2004","М","нет",11,11,9,null,null,100,"участник","нет","Фатихова Дина Ильгизовна","Муниципальное бюджетное общеобразовательное учреждение «Гимназия п.г.т. Богатые Сабы Сабинского муниципального района Республики Татарстан» (Школа - центр компетенции в электронном образовании)","Право"]